000 00318 a2200145 4500
001 177165
020 _a
040 _cMagnum
100 _aBulloch, Ivan
240 1 0 _aDesafios matematicos: jogos
_lpor
245 1 0 _aDesafios matematicos: jogos
362 0 _a1899
697 _aMAGNITO: PARADIDATICO
942 _cBK
999 _c177165
_d177165